|
|
|
|
| LEADER |
00000nam0a2200000 4500 |
| 001 |
100154 |
| 005 |
20231101214308.0 |
| 035 |
|
|
|a (RuTPU)RU\TPU\book\107734
|
| 090 |
|
|
|a 100154
|
| 100 |
|
|
|a 20060815d1964 km y0rusy50 ca
|
| 101 |
1 |
|
|a rus
|c eng
|
| 102 |
|
|
|a RU
|
| 105 |
|
|
|a a z 001zy
|
| 200 |
1 |
|
|a Методы небесной механики
|e пер. с англ.
|f Д. Брауэр, Дж. Клеменс
|g пер. В. К. Абалкин; под ред. Г. А. Чеботарева
|
| 210 |
|
|
|a Москва
|c Мир
|d 1964
|
| 215 |
|
|
|a 514 с.
|c ил.
|
| 320 |
|
|
|a Библиогр.: с. 506-511.
|
| 606 |
|
|
|a Небесная механика
|2 stltpush
|3 (RuTPU)RU\TPU\subj\71691
|9 85480
|
| 610 |
1 |
|
|a Солнечная система
|
| 610 |
1 |
|
|a движение
|
| 610 |
1 |
|
|a изучение
|
| 610 |
1 |
|
|a искусственные спутники
|
| 610 |
1 |
|
|a практические задачи
|
| 610 |
1 |
|
|a численные решения
|
| 675 |
|
|
|a 521.1
|v 3
|
| 700 |
|
1 |
|a Брауэр
|b Д.
|
| 701 |
|
1 |
|a Клеменс
|b Дж.
|
| 702 |
|
1 |
|a Абалкин
|b В. К.
|4 730
|
| 702 |
|
1 |
|a Чеботарев
|b Г. А.
|4 340
|
| 801 |
|
1 |
|a RU
|b 63413507
|c 20060815
|g PSBO
|
| 801 |
|
2 |
|a RU
|b 63413507
|c 20210812
|g PSBO
|
| 942 |
|
|
|c BK
|